Tilastot visalle Maat, jotka ovat lähinnä Kosovoa

Klikkaa tästä pelataksesi tätä visaa!

Yleistilastot

  • Tätä visaa on pelattu 25 kertaa
  • Keskiarvotulos 17 / 20

Vastaustilastot

kmmaa% Oikein
253Italia
100%
0Albania
95%
96Bosnia ja
Hertsegovina
95%
0Pohjois-Makedonia
95%
156Romania
95%
0Serbia
95%
478Slovenia
95%
547Ukraina
95%
54Bulgaria
90%
114Kreikka
90%
128Kroatia
90%
0Montenegro
86%
527Slovakia
86%
318Unkari
86%
525Itävalta
81%
601Moldova
81%
389Turkki
76%
622San Marino
71%
628Vatikaanivaltio
71%
658Puola
62%

Tulosjakauma

Persentiili vastausten määrän mukaan

Jokaisen tuloksen saaneiden osuus

Tuloshistoriasi

Et ole pelannut tätä visaa